Štvrťhodina úprimnosti. : Uvedenie do modlitby každodenného spytovania svedomia. /
Uložené v:
| Hlavný autor: | |
|---|---|
| Médium: | Kniha |
| Jazyk: | Slovak Polish |
| Vydané: |
Trnava :
Dobrá kniha, vydavateľstvo,
1998
|
| Vydanie: | 1. vyd. |
| Edícia: | Duchovná studnica
|
| Témy: | |
| ISBN: |
8071412236 (brož.) |
| Fyzický popis: |
96 s. |
| Tagy: |
Pridať tag
Žiadne tagy, Buďte prvý kto otaguje tento záznam!
|
Titul je dostupný aj v ... 

MARC
| LEADER | 00000nam a2200000 a 4500 | ||
|---|---|---|---|
| 001 | 000040586 | ||
| 003 | SVKK | ||
| 005 | 19990128000000.0 | ||
| 008 | 981221s1998 xo e sloo | ||
| 020 | |a 8071412236 (brož.) | ||
| 040 | |a SVKKK |b slo |c SVKKK |e AACR2 | ||
| 041 | 1 | |a slo |h pol | |
| 044 | |a xo |c SK | ||
| 080 | |a 242 |2 1997 | ||
| 080 | |a 241.6 |2 1997 | ||
| 100 | 1 | |a Augustyn, Józef |4 aut | |
| 245 | 1 | 0 | |a Štvrťhodina úprimnosti. : |b Uvedenie do modlitby každodenného spytovania svedomia. / |c Józef Augustyn |
| 250 | |a 1. vyd. | ||
| 260 | |a Trnava : |b Dobrá kniha, vydavateľstvo, |c 1998 | ||
| 300 | |a 96 s. | ||
| 440 | 0 | |a Duchovná studnica | |
| 653 | 0 | |a cvičenia duchovné |2 SVKKKPH | |
| 653 | 0 | |a svedomie |2 SVKKKPH | |
| 653 | 0 | |a spytovanie |2 SVKKKPH | |
| 653 | 0 | |a úvahy |2 SVKKKPH | |
| 655 | 7 | |a monografie |2 SVKKKPH | |
| 910 | |a svkkk | ||
| 919 | |a 80-7141-223-6 | ||
| 974 | |a MI |d 19990113 | ||
| 974 | |a PA |d 19981228 | ||
| 974 | |a MI |d 19990128 | ||
| 998 | |a BK | ||
| 090 | |g SCKHL |k Sklad Pribinova 2. posch. |a III.182187 |j 921832 |i 2720153378 |s Absenčne | ||